|
|
|
|
| LEADER |
00958nam a2200229 i 4500 |
| 001 |
c000240114 |
| 003 |
CARM |
| 005 |
00000000000000.0 |
| 008 |
840305s1953 mnu 0 eng d |
| 019 |
1 |
|
|a 2538079
|z 27412217
|5 LACONCORD2021
|
| 035 |
|
|
|a (OCoLC)502202
|5 LACONCORD2021
|
| 082 |
0 |
4 |
|a 071.3
|
| 100 |
1 |
|
|a Andersen, Arlow W.
|q (Arlow William),
|d 1906-
|
| 245 |
1 |
4 |
|a The immigrant takes his stand :
|b the Norwegian-American press and public affairs, 1847-1872 /
|c Arlow William Andersen.
|
| 260 |
|
|
|a Northfield, Minn. :
|b Norwegian-American Historical Association,
|c 1953.
|
| 300 |
|
|
|a 176p.
|
| 504 |
|
|
|a Bibliography: p.[159]-165.
|
| 650 |
|
0 |
|a Norwegian American newspapers.
|
| 650 |
|
0 |
|a Norwegians
|z United States.
|
| 852 |
8 |
|
|b CARM
|h A2:AQ06G0
|i B06750
|p 0323318
|f BK
|
| 999 |
f |
f |
|i f59087b7-af41-5945-b531-4f2a5fdbf73d
|s 791a6930-64cb-5536-908f-98ce9b8dad84
|
| 952 |
f |
f |
|p Can circulate
|a CAVAL
|b CAVAL
|c CAVAL
|d CARM 1 Store
|e B06750
|f A2:AQ06G0
|h Other scheme
|i book
|m 0323318
|